| 000 | 00939cam a2200301 4500 | ||
|---|---|---|---|
| 001 | J3107 | ||
| 008 | 090401t1995 xxu||||| |||| 00| 0 eng d | ||
| 035 | _a(Sirsi) u53070 | ||
| 041 | _aeng | ||
| 050 | _a333.0065 | ||
| 110 |
_aEconomic Development Briefing _92461 |
||
| 245 | _aChartered surveyors survey 1995. | ||
| 260 |
_aLondon _bEconomic Development Briefing _c1995 |
||
| 300 | _a155 leavse ; 30cm. | ||
| 350 | _a450 | ||
| 490 |
_aEconomic Development Briefing _vXIX |
||
| 520 | _aFinal publication of this title by EDB (for details see letter inside reference copy). | ||
| 650 | _aCHARTERED SURVEYORS SURVEY 1995 | ||
| 650 | _aCHARTERED SURVEYORS SURVEY | ||
| 650 | _aABOUT RICS-RICS MEMBERS | ||
| 650 | _aDIRECTORIES | ||
| 650 | _aESTATE AGENTS | ||
| 650 | _aSALARIES | ||
| 690 | _aMANAGEMENT-BUSINESS MANAGEMENT-PROFESSIONAL PRACTICE | ||
| 700 |
_aVom Hove, Tann _xEditor |
||
| 942 | _n0 | ||
| 948 | _c04/03/1997 | ||
| 999 |
_c93217 _d93217 |
||